Сестринская помощь при патологии органов пищеварения (Запись № 13196982)

Подробности
000 -МАРКЕР
контрольное поле 03157nam0a2200361 4500
001 - ИДЕНТИФИКАТОР ЗАПИСИ
контрольное поле RU\NLR\BIBL_A\012805651
005 - ИДЕНТИФИКАТОР ВЕРСИИ
контрольное поле 20220704102629.0
010 ## - МЕЖДУНАРОДНЫЙ СТАНДАРТНЫЙ НОМЕР КНИГИ (ISBN)
Номер (ISBN) 978-5-9704-6735-0
Тираж 500
021 ## - НОМЕР ГОСУДАРСТВЕННОЙ РЕГИСТРАЦИИ
Код страны Российская Федерация
Номер КН-П-22-012683
Номер Листа государственной регистраци КН-П-22-1077
035 ## - ДРУГИЕ СИСТЕМНЫЕ НОМЕРА
Идентификатор записи (NLR Aleph) 012805651
100 ## - ДАННЫЕ ОБЩЕЙ ОБРАБОТКИ
Данные общей обработки 20220601d2022 u y0rusy50 ca
101 0# - ЯЗЫК РЕСУРСА
Язык текста, звукозаписи и т.д. русский
102 ## - СТРАНА ПУБЛИКАЦИИ ИЛИ ПРОИЗВОДСТВА
Страна публикации Российская Федерация
105 ## - ПОЛЕ КОДИРОВАННЫХ ДАННЫХ: ТЕКСТОВЫЕ МАТЕРИАЛЫ, МОНОГРАФИЧЕСКИЕ
Кодированные данные о монографическом текстовом документе ac||j|||000zy
181 #0 - ПОЛЕ КОДИРОВАННЫХ ДАННЫХ: ВИД СОДЕРЖАНИЯ
Код вида содержания (ISBD) i3
Код характеристики содержания (ISBD) axxe
182 #0 - ПОЛЕ КОДИРОВАННЫХ ДАННЫХ: ТИП СРЕДСТВА
Код типа средства (ISBD) n - непосредственное
200 1# - ЗАГЛАВИЕ И СВЕДЕНИЯ ОБ ОТВЕТСТВЕННОСТИ
Основное заглавие Сестринская помощь при патологии органов пищеварения
Сведения, относящиеся к заглавию учебник для использования в образовательном процессе образовательных организаций, реализующих программы среднего профессионального образования по специальностям 34.02.01 "Сестринское дело" по ПМ.02 "Участие в лечебно-диагностическом и реабилитационном процессах", МДК.02.01 "Сестринских уход при различных состояниях и заболеваниях", ПМ.01 "Проведение профилактических мероприятий", ПМ.03 "Оказание доврачебной медицинской помощи при неотложных и экстремальных состояниях"; 31.02.02 "Акушерское дело" по ПМ.02 "Медицинская помощь беременным и детям при заболеваниях, отравлениях и травмах", МДК.02.01 "Соматические заболевания, отравления и беременность", МДК.02.02 "Инфекционные заболевания и беременность"
Первые сведения об ответственности Р. Г. Сединкина, Е. Р. Демидова, Л. Ю. Игнатюк
203 ## - ВИД СОДЕРЖАНИЯ И ТИП СРЕДСТВА
Вид содержания Текст
Дополнительные сведения об издании визуальный
Тип средства непосредственный
210 ## - ПУБЛИКАЦИЯ, РАСПРОСТРАНЕНИЕ И ДР.
Место издания, распространения и т.д. Москва
Имя издателя, распространителя и т. д. ГЭОТАР-Медиа
Дата издания, распространения и т.д. 2022
215 ## - ФИЗИЧЕСКАЯ ХАРАКТЕРИСТИКА
Специфическое обозначение материала и объем 767 с., [2] л. цв. ил.
Другие сведения о физической характеристике ил., портр.
Размеры 22
225 1# - СЕРИЯ
Основное заглавие серии Учебник для медицинских училищ и колледжей
300 ## - ОБЩИЕ ПРИМЕЧАНИЯ
Текст примечания На обороте тит. с. авт.: Р.Г. Сединкина - канд. мед. наук, преподаватель, Е.Р. Демидова - преподаватель, Л.Ю. Игнатюк - преподаватель
320 ## - ПРИМЕЧАНИЯ О НАЛИЧИИ В ДОКУМЕНТЕ БИБЛИОГРАФИИ / УКАЗАТЕЛЯ
Текст примечания Библиогр.: с. 765-767
606 1# - НАИМЕНОВАНИЕ ТЕМЫ КАК ПРЕДМЕТ
Наименование темы Пищеварительная система
Тематический подзаголовок Болезни
-- Уход за больными
Формальный подзаголовок Учебники для среднего профессионального образования
Код системы nlr_sh1
Идентификатор авторитетной/нормативной записи RU\NLR\AUTH\66805218
686 1# - ИНДЕКСЫ ДРУГИХ КЛАССИФИКАЦИЙ
Индекс Р413-5,8я72-1
700 #1 - ИМЯ ЛИЦА - ПЕРВИЧНАЯ ОТВЕТСТВЕННОСТЬ
Начальный элемент ввода Сединкина
Часть имени, кроме начального элемента ввода Р. Г.
Расширение инициалов личного имени Раиса Георгиевна
701 #1 - ИМЯ ЛИЦА - АЛЬТЕРНАТИВНАЯ ОТВЕТСТВЕННОСТЬ
Начальный элемент ввода Демидова
Часть имени, кроме начального элемента ввода Е. Р.
Расширение инициалов личного имени Екатерина Романовна
701 #1 - ИМЯ ЛИЦА - АЛЬТЕРНАТИВНАЯ ОТВЕТСТВЕННОСТЬ
Начальный элемент ввода Игнатюк
Часть имени, кроме начального элемента ввода Л. Ю.
Расширение инициалов личного имени Людмила Юрьевна
942 ## - ДОПОЛНИТЕЛЬНЫЕ ЭЛЕМЕНТЫ ЗАПИСИ (АБИС)
Тип экземпляра АБИС Книга
980 ## - КОЛЛЕКЦИЯ
Название коллекции Национальная библиография
Экземпляры
Тип экземпляра Дата поступления Источник поступления Библиотека постоянного хранения Библиотека текущего хранения Место хранения Шифр хранения Штрих-код Статус экземпляра
Книга 01.06.2022 Обязательный экземпляр РНБ (Московский) РНБ (Московский) Русский книжный фонд: издания с 1957 года 2022-5/5309 1-3826456  
Книга 01.06.2022 Обязательный экземпляр РНБ (Московский) РНБ (Московский) Обменный фонд   1-3826517